000 00534nam a2200181Ia 4500
008 090123s9999 xx 000 0 und d
082 _b43088
100 _aडहाळे संजय
245 _aपिटातल्या शिट्या
250 _a1
260 _c2008
300 _a175
600 _aडहाळे संजय
630 _aपिटातल्या शिट्या
700 _aडहाळे संजय
730 _aपिटातल्या शिट्या
942 _cBOOK
999 _c81145
_d81145